-
Horowitz, Ellis and sahni, sartaj
Entry Personal Name
Number of records used in: 1
001 - CONTROL NUMBER
003 - CONTROL NUMBER IDENTIFIER
005 - DATE AND TIME OF LATEST TRANSACTION
- control field:
20180208141949.0
008 - FIXED-LENGTH DATA ELEMENTS
- fixed length control field:
180208|| aca||aabn | a|a d
040 ## - CATALOGING SOURCE
- Original cataloging agency:
OSt
- Transcribing agency:
OSt
100 ## - HEADING--PERSONAL NAME
- Personal name:
Horowitz, Ellis and sahni, sartaj
670 ## - SOURCE DATA FOUND
- Source citation:
Work cat.: (OSt)179: Horowitz, Ellis and sahni, sartaj, Fundamentals of Data Structures, 2003